Main Characters in Sinners - Statistics

General Stats
  • This quiz has been taken 233 times
  • The average score is 8 of 11
Answer Stats
Answer % Correct
Smoke
100%
Stack
98%
Mary
87%
Sammie
87%
Cornbread
78%
Annie
75%
Delta Slim
70%
Remmick
70%
Pearline
69%
Bo Chow
45%
Grace Chow
36%
No matching quizzes found
Score Distribution
Percent of People with Each Score
Percentile by Number Answered
Your Score History
You have not taken this quiz